000 01001nam a22002177a 4500
999 _c13371
_d13371
003 AR-CdUCM
008 190415b ||||| |||| 00| 0 spa d
040 _aMUNICIPALIDAD PROVINCIAL DEL CUSCO
_cBIBLIOTECA MUNICIPAL DEL CUSCO
082 _aTS / 869.56 /
_bL83
100 _aLopez Quevedo, Pedro Celestino
_931755
245 _aAnálisis y actualidad de la novela "Todas las Sangres" de José Maria Arguedas /
260 _aCusco :
_bUniversidad Nacional de San Antonio Abad de Cusco,
_c1972.
300 _aV, 48 hojas ;
_c28 cm.
500 _aTesis presentada para optar el grado de Bachiller en "Humanidades". Antes del Titulo: Programa Académico de letras y ciencias humanas.
505 _aContenido: El medio y el hombre -- Arguedas y el universo indígena -- Marco geográfico y humano de la novela "Todas las sangres" ...
650 _aJose Maria Arguedas
_9793
650 _aLiteratura Peruana
_9132
650 _aClases Sociales
_92880
942 _2ddc
_cTESIS
945 _acmm
_d2019-04-15